[Event "TCh-TUR Super League 2015"]
[Site "Kocaeli TUR"]
[Date "2015.08.08"]
[Round "5.1"]
[Board "2"]
[White "Fedorchuk, Sergey A."]
[Black "Ipatov, Alexander"]
[Result "1/2-1/2"]
[WhiteTitle "GM"]
[BlackTitle "GM"]
[WhiteElo "2653"]
[BlackElo "2621"]
[WhiteTeam "Kayseri Seker Sports Club"]
[BlackTeam "Istanbul Technical University Sports Club"]
[WhiteFideId "14102536"]
[BlackFideId "14116731"]
[EventDate "2015.08.04"]

1. e4 e5 2. Nf3 Nc6 3. Bb5 Nf6 4. O-O Nxe4 5. d4 Nd6 6. Bxc6 dxc6 7. dxe5 Nf5 8.
Qxd8+ Kxd8 9. Rd1+ Ke8 10. Nc3 Ne7 11. h3 Ng6 12. b3 Be7 13. Bb2 Bf5 14. Nd4 Bd7
15. Re1 Rd8 16. e6 Bc8 17. Nf5 Bf6 18. Na4 Bxb2 19. Nxb2 Rg8 20. exf7+ Kxf7 21.
Ne3 Nf4 22. Rad1 Rge8 23. Rxd8 1/2-1/2

[Event "TCh-TUR Super League 2015"]
[Site "Kocaeli TUR"]
[Date "2015.08.08"]
[Round "5.1"]
[Board "3"]
[White "Can, Emre"]
[Black "Kanmazalp, Ogulcan"]
[Result "1-0"]
[WhiteTitle "GM"]
[BlackTitle "IM"]
[WhiteElo "2547"]
[BlackElo "2468"]
[WhiteTeam "Istanbul Technical University Sports Club"]
[BlackTeam "Kayseri Seker Sports Club"]
[WhiteFideId "6302181"]
[BlackFideId "6304990"]
[EventDate "2015.08.04"]

1. d4 d5 2. Nf3 Nf6 3. c4 c6 4. Nc3 e6 5. Bg5 dxc4 6. a4 b5 7. axb5 cxb5 8. Nxb5
Qb6 9. Na3 Bxa3 10. Qa4+ Nc6 11. Qxa3 Ne4 12. Be3 Rb8 13. Ne5 Nxe5 14. dxe5 Qxb2
15. Qxb2 Rxb2 16. Rc1 f6 17. f3 Rb3 18. Bxa7 Ng5 19. exf6 gxf6 20. Rxc4 O-O 21.
Rc1 Ba6 22. Ra1 Bb5 23. e4 Bxf1 24. Rxf1 e5 25. Rf2 Ne6 26. Rd2 Ra8 27. Raa2 Kf7
28. Kf2 Rb7 29. Be3 Rxa2 30. Rxa2 Kg6 31. Ke2 Rb3 32. g3 Rb4 33. Rd2 Ra4 34. Rb2
Nd4+ 35. Kf2 Ne6 36. Ke2 Nd4+ 37. Kf2 Ne6 38. h3 h5 39. Ke2 Nd4+ 40. Kf2 Ne6 41.
Ke2 Nd4+ 42. Bxd4 Rxd4 43. Ke3 Ra4 44. Rb3 Ra2 45. f4 h4 46. Kf3 hxg3 47. Kxg3
Re2 48. Kf3 Rh2 49. Kg4 Re2 50. f5+ Kh6 51. Kf3 Rh2 52. Rb6 Rxh3+ 53. Kg4 Re3
54. Rxf6+ Kg7 55. Ra6 Rxe4+ 56. Kg5 Re1 57. Ra7+ Kf8 58. Kf6 Kg8 59. Ke7 Rh1 60.
Ra8+ Kh7 61. f6 Kg6 62. Ke6 Rb1 63. Rg8+ Kh7 64. f7 1-0

[Event "TCh-TUR Super League 2015"]
[Site "Kocaeli TUR"]
[Date "2015.08.08"]
[Round "5.1"]
[Board "4"]
[White "Yilmazyerli, Mert"]
[Black "Kinsiz, Onur"]
[Result "1/2-1/2"]
[WhiteTitle "IM"]
[WhiteElo "2450"]
[BlackElo "2250"]
[WhiteTeam "Kayseri Seker Sports Club"]
[BlackTeam "Istanbul Technical University Sports Club"]
[WhiteFideId "6305962"]
[BlackFideId "6301517"]
[EventDate "2015.08.04"]

1. g3 c5 2. Bg2 Nc6 3. Nf3 g6 4. c3 Bg7 5. d4 cxd4 6. cxd4 d5 7. Nc3 Nf6 8. Ne5
O-O 9. O-O e6 10. Nxc6 bxc6 11. Na4 Nd7 12. Bf4 Ba6 13. Rc1 Rc8 14. Qd2 Re8 15.
Rfe1 Bb5 16. Nc3 Qb6 17. Be3 Bf8 18. Bf1 Ba6 19. Qc2 Qb7 20. Na4 Bb5 21. Nc3 Ba6
22. Na4 Bb5 23. Nc3 1/2-1/2

[Event "TCh-TUR Super League 2015"]
[Site "Kocaeli TUR"]
[Date "2015.08.08"]
[Round "5.1"]
[Board "5"]
[White "Asan, Elvan"]
[Black "Atalik, Ekaterina"]
[Result "0-1"]
[BlackTitle "IM"]
[WhiteElo "1810"]
[BlackElo "2382"]
[WhiteTeam "Istanbul Technical University Sports Club"]
[BlackTeam "Kayseri Seker Sports Club"]
[WhiteFideId "6312209"]
[BlackFideId "4130189"]
[EventDate "2015.08.04"]

1. e4 g6 2. d4 Bg7 3. c3 d6 4. Nf3 c5 5. d5 Nf6 6. Bd3 O-O 7. O-O e6 8. c4 exd5
9. exd5 Bg4 10. Nbd2 Na6 11. a3 Nc7 12. Rb1 b5 13. b3 Rb8 14. Qc2 Qd7 15. Bb2
Bxf3 16. Nxf3 Nh5 17. Bxg7 Kxg7 18. Qd2 a6 19. Rfe1 h6 20. h3 f5 21. Kh2 Rfe8
22. Rxe8 Rxe8 23. Re1 Nf6 24. Qc3 Kf7 25. Qd2 Kg7 26. Qc3 Rxe1 27. Qxe1 Qe8 28.
Qc3 Qe7 29. g4 bxc4 30. bxc4 Kf7 31. gxf5 g5 32. Qe1 Qxe1 33. Nxe1 Nd7 34. Nf3
Kf6 35. Kg3 Ne8 36. Nh2 h5 37. f4 gxf4+ 38. Kxf4 Ne5 39. Be2 Ng7 40. Nf3 Nxf5
41. Nxe5 dxe5+ 42. Ke4 Nd6+ 43. Ke3 h4 44. a4 a5 45. Bd3 e4 46. Bxe4 Nxc4+ 47.
Kf4 Nb6 48. Kg4 Nxa4 49. Kxh4 Nc3 50. Bc2 Nxd5 51. Kg3 Nc3 52. Kf4 a4 53. Ke3 a3
54. Bb3 a2 55. Bxa2 Nxa2 56. Kd3 Nb4+ 57. Kc4 Na6 0-1

[Event "TCh-TUR Super League 2015"]
[Site "Kocaeli TUR"]
[Date "2015.08.08"]
[Round "5.1"]
[Board "6"]
[White "Yurtseven, Melih"]
[Black "Bortnyk, Olexandr"]
[Result "0-1"]
[WhiteTitle "FM"]
[BlackTitle "IM"]
[WhiteElo "2299"]
[BlackElo "2553"]
[WhiteTeam "Kayseri Seker Sports Club"]
[BlackTeam "Istanbul Technical University Sports Club"]
[WhiteFideId "6312160"]
[BlackFideId "14120828"]
[EventDate "2015.08.04"]

1. Nf3 d6 2. e4 Nf6 3. Nc3 e5 4. d4 Nbd7 5. Bc4 Be7 6. O-O O-O 7. a4 a5 8. h3 c6
9. Re1 h6 10. b3 Qc7 11. Bb2 Re8 12. Qd2 Nf8 13. Bd3 Ng6 14. Ne2 Nh5 15. c4 Bf6
16. Bc3 b6 17. Rad1 Ra7 18. d5 c5 19. Kh2 Nhf4 20. Nxf4 Nxf4 21. Bf1 Qd7 22. Ng1
Bg5 23. Qc2 g6 24. g3 Nh5 25. h4 Bd8 26. Bh3 f5 27. Bd2 Qh7 28. Qc1 Rf7 29. exf5
gxf5 30. f4 Qg6 31. Re3 Rg7 32. Ne2 Kh7 33. Rg1 Nf6 34. Bc3 Ng4+ 35. Bxg4 Qxg4
36. Qf1 Bf6 37. Qf3 Qg6 38. Re1 Bd7 39. Ba1 Rge7 40. Bc3 Qg7 41. Kh3 Rf7 42. Rf1
Ree7 43. Rg1 exf4 44. Rxe7 Rxe7 45. Bxf6 Qg4+ 46. Qxg4 fxg4+ 47. Kg2 Rxe2+ 48.
Kf1 f3 49. Bd8 Bf5 0-1

[Event "TCh-TUR Super League 2015"]
[Site "Kocaeli TUR"]
[Date "2015.08.08"]
[Round "5.1"]
[Board "7"]
[White "Tarlabasi, Emirhan"]
[Black "Ozen, Deniz"]
[Result "1/2-1/2"]
[BlackTitle "FM"]
[WhiteElo "2004"]
[BlackElo "2066"]
[WhiteTeam "Istanbul Technical University Sports Club"]
[BlackTeam "Kayseri Seker Sports Club"]
[WhiteFideId "6350275"]
[BlackFideId "6349196"]
[EventDate "2015.08.04"]

1. d4 d5 2. c4 e6 3. Nc3 Be7 4. cxd5 exd5 5. Qc2 c6 6. a3 a5 7. Bf4 Nf6 8. e3
O-O 9. Bd3 Bg4 10. h3 Bh5 11. g4 Bg6 12. Nge2 Bd6 13. Bf5 Bxf5 14. Qxf5 Bxf4 15.
Qxf4 Ne8 16. Ng3 Nd6 17. Nf5 Nxf5 18. gxf5 Qf6 19. Rg1 Nd7 20. Ne2 g6 21. Qg4
Rae8 22. Qg5 Qxg5 23. Rxg5 Nf6 24. Nc3 Kh8 25. b4 axb4 26. axb4 Ra8 27. Rxa8
Rxa8 28. fxg6 hxg6 29. Re5 Kg7 30. Re7 Rb8 31. f3 Kf8 32. Rc7 Ne8 33. Rd7 Nf6
34. Rc7 Ne8 35. Rd7 Nf6 1/2-1/2

[Event "TCh-TUR Super League 2015"]
[Site "Kocaeli TUR"]
[Date "2015.08.08"]
[Round "5.1"]
[Board "8"]
[White "Aksoy, Ayca"]
[Black "Hereklioglu, Sude"]
[Result "1-0"]
[BlackTitle "WCM"]
[WhiteElo "1758"]
[BlackElo "1796"]
[WhiteTeam "Kayseri Seker Sports Club"]
[BlackTeam "Istanbul Technical University Sports Club"]
[WhiteFideId "6355978"]
[BlackFideId "6359531"]
[EventDate "2015.08.04"]

1. d4 Nf6 2. Nf3 e6 3. c4 b6 4. a3 Bb7 5. Nc3 d6 6. d5 e5 7. e4 g6 8. Bd3 Bg7 9.
O-O O-O 10. Qc2 Bc8 11. g3 Ne8 12. Nh4 Bf6 13. Ng2 Nd7 14. b4 Ng7 15. Bb2 Be7
16. Ne3 h5 17. Ne2 Bg5 18. Ng2 Qe7 19. Rae1 a5 20. Bc3 axb4 21. axb4 Bh6 22. Bd2
Bxd2 23. Qxd2 Kh7 24. Nc3 Nf6 25. Ra1 Bd7 26. Ra2 Rfc8 27. Rfa1 Qd8 28. Ra7 Rxa7
29. Rxa7 Ra8 30. Qa2 Rxa7 31. Qxa7 Nfe8 32. c5 bxc5 33. bxc5 Kg8 34. Ne3 Nf6 35.
Nc4 Nge8 36. Kg2 Qc8 37. Kg1 Qd8 38. Na5 Kg7 39. Nc4 Kg8 40. Qb7 Kg7 41. Qa7 Kg8
42. Nd2 Nh7 43. Nb5 Qg5 44. Nf1 Qg4 45. c6 Bc8 46. h4 Nef6 47. Qxc7 Ba6 48. Qxd6
Nxe4 49. Bxe4 Qxe4 50. Qb8+ Nf8 51. c7 Qc4 52. c8=Q Bxc8 53. Nd6 Qxd5 54. Nxc8
Kg7 55. Nb6 Qe4 56. Qd6 Ne6 57. Nd7 Nd4 58. Qf8+ Kh7 59. Nf6# 1-0

[Event "TCh-TUR Super League 2015"]
[Site "Kocaeli TUR"]
[Date "2015.08.08"]
[Round "5.2"]
[Board "1"]
[White "Salgado Lopez, Ivan"]
[Black "Morchiashvili, Bachana"]
[Result "1-0"]
[WhiteTitle "GM"]
[BlackTitle "IM"]
[WhiteElo "2615"]
[BlackElo "2318"]
[WhiteTeam "Turk Hava Yollari (Thy) Sports Club"]
[BlackTeam "Pamukkale Yonetimi Bilisim Sistemleri Zeka"]
[WhiteFideId "2257327"]
[BlackFideId "13602535"]
[EventDate "2015.08.04"]

1. e4 c6 2. Nf3 d5 3. Nc3 Bg4 4. h3 Bxf3 5. Qxf3 e6 6. d4 Nf6 7. Bd3 dxe4 8.
Nxe4 Nxe4 9. Qxe4 Qd5 10. Qe3 Be7 11. O-O Bf6 12. c3 Nd7 13. Be4 Qd6 14. Rd1 O-O
15. Bf3 Rfe8 16. g3 Rad8 17. Qe2 Nb6 18. h4 e5 19. dxe5 Qxd1+ 20. Qxd1 Rxd1+ 21.
Bxd1 Bxe5 22. Kf1 Bc7 23. Rb1 Nc4 24. Be2 b5 25. a4 a6 26. Ra1 Na5 27. Bd1 f6
28. axb5 axb5 29. b3 Rd8 30. Bc2 c5 31. Be3 c4 32. b4 Nb3 33. Bxb3 cxb3 34. Rb1
Be5 35. Rxb3 Rd3 36. Ra3 Rxc3 37. Ra8+ Kf7 38. Bc5 Rc4 39. Ra5 Bd4 40. Bxd4 Rxd4
41. Rxb5 h5 42. Ke2 Kg6 43. Ke3 Rd1 44. Rc5 Rb1 45. b5 Rb2 46. Rd5 Kh6 47. Kd4
Rxf2 48. b6 Rb2 49. Kc5 g5 50. Kc6 Kg6 51. b7 1-0

[Event "TCh-TUR Super League 2015"]
[Site "Kocaeli TUR"]
[Date "2015.08.08"]
[Round "5.2"]
[Board "2"]
[White "Komut, Kaan"]
[Black "Dastan, Muhammed Batuhan"]
[Result "1-0"]
[BlackTitle "IM"]
[WhiteElo "1919"]
[BlackElo "2448"]
[WhiteTeam "Pamukkale Yonetimi Bilisim Sistemleri Zeka"]
[BlackTeam "Turk Hava Yollari (Thy) Sports Club"]
[WhiteFideId "6309992"]
[BlackFideId "6300014"]
[EventDate "2015.08.04"]

1. e4 g6 2. d4 Bg7 3. Nf3 d6 4. Be2 Nf6 5. Nbd2 O-O 6. O-O c6 7. Re1 Qc7 8. Bd3
e5 9. dxe5 dxe5 10. Nc4 Nbd7 11. a4 b6 12. Bd2 Re8 13. Bb4 Bf8 14. Bxf8 Nxf8 15.
Qd2 Bg4 16. Qg5 Kg7 17. Qe3 Rad8 18. Nh4 Bc8 19. h3 Ne6 20. Nf3 Nd7 21. Rad1 f6
22. b4 Ndf8 23. Bf1 Qe7 24. c3 Nf4 25. h4 h6 26. g3 N4e6 27. Be2 g5 28. h5 Kh7
29. Nh2 Ng7 30. Qf3 Be6 31. Ne3 Nd7 32. Kg2 Rf8 33. g4 Bb3 34. Rb1 Bxa4 35. Bc4
b5 36. Nf5 Nxf5 37. Qxf5+ Kh8 38. Ra1 Nb6 39. Be2 Qh7 40. Qxh7+ Kxh7 41. Nf1 Rf7
42. Ne3 Rd2 43. c4 Rfd7 44. c5 Na8 45. Bd1 Nc7 46. Bxa4 bxa4 47. Rxa4 a6 48. Nc4
Rc2 49. Nd6 Rb2 50. Re3 Rd8 51. Rf3 Rf8 52. Nc4 Re2 53. Nd6 Re1 54. Raa3 Rb1 55.
Rab3 Rc1 56. Ra3 Rb1 57. Rfb3 Rc1 58. Rd3 Ne6 59. Rd2 Ra8 60. Kh2 Ra7 61. Rda2
Nc7 62. Rf3 Kg7 63. Nf5+ Kh7 64. Nd6 Kg7 65. Rd2 Ne6 66. Ne8+ Kh8 67. Rxf6 Nd4
68. Rxh6+ Kg8 69. Kg2 Ra8 70. Rg6+ Kf8 71. Nd6 Rb8 72. h6 Ke7 73. Rxg5 Kf6 74.
Rh5 Nc2 75. Nf5 Ne1+ 76. Kg3 Rc3+ 77. Ne3 Nd3 78. Rf5+ Kg6 79. g5 Rxb4 80. f3
Rb1 81. Ng2 Nxc5 82. Rxe5 Rbb3 83. Rd6+ 1-0

[Event "TCh-TUR Super League 2015"]
[Site "Kocaeli TUR"]
[Date "2015.08.08"]
[Round "5.2"]
[Board "3"]
[White "Melia, Salome"]
[Black "Yurtsever, Senel"]
[Result "1-0"]
[WhiteTitle "IM"]
[WhiteElo "2456"]
[BlackElo "1843"]
[WhiteTeam "Turk Hava Yollari (Thy) Sports Club"]
[BlackTeam "Pamukkale Yonetimi Bilisim Sistemleri Zeka"]
[WhiteFideId "13602446"]
[BlackFideId "6390005"]
[EventDate "2015.08.04"]

1. e4 c6 2. d4 d5 3. Nc3 dxe4 4. Nxe4 Nf6 5. Nxf6+ gxf6 6. Qd3 Bg4 7. Ne2 Qb6 8.
f3 Be6 9. Nf4 Na6 10. Nxe6 fxe6 11. c3 c5 12. Qb5+ Kf7 13. dxc5 Qxb5 14. Bxb5
Nxc5 15. Be3 b6 16. O-O-O a6 17. Be2 e5 18. Kc2 e6 19. b4 Na4 20. Kb3 b5 21.
Rd7+ Be7 22. f4 Rhc8 23. Rc1 exf4 24. Bh5+ Kg8 25. Bxf4 Nb6 26. Rxe7 Nd5 27. Bd6
Nxe7 28. Bxe7 Kg7 29. Re1 e5 30. Rf1 Rf8 31. Bf3 Rad8 32. Bb7 Rd7 33. Bxf8+ Kxf8
34. Rxf6+ Kg7 35. Rb6 h5 36. Bxa6 e4 37. Bxb5 Rd2 38. Re6 Rxg2 39. Rxe4 Rxh2 40.
a4 h4 41. a5 1-0

[Event "TCh-TUR Super League 2015"]
[Site "Kocaeli TUR"]
[Date "2015.08.08"]
[Round "5.2"]
[Board "6"]
[White "Oz, Ozan"]
[Black "Baglan, Esat"]
[Result "1/2-1/2"]
[BlackTitle "FM"]
[WhiteElo "1807"]
[BlackElo "2280"]
[WhiteTeam "Pamukkale Yonetimi Bilisim Sistemleri Zeka"]
[BlackTeam "Turk Hava Yollari (Thy) Sports Club"]
[WhiteFideId "6349188"]
[BlackFideId "6309216"]
[EventDate "2015.08.04"]

1. d4 d5 2. Nc3 Nf6 3. Bf4 g6 4. Qd2 Bg7 5. Bh6 Bxh6 6. Qxh6 c5 7. e3 Nc6 8. Bb5
Bd7 9. Nf3 Nb4 10. Bxd7+ Qxd7 11. O-O c4 12. Ne5 Qe6 13. Rfc1 Rg8 14. a3 Nc6 15.
Nb5 Rc8 16. Nf3 Qg4 17. h4 Qh5 18. Qf4 Qf5 19. Nc3 Qxf4 20. exf4 e6 21. Re1 Ke7
22. Rad1 Rgd8 23. Ne5 Ne8 24. Re3 h5 25. f3 Ng7 26. g4 Nxe5 27. Rxe5 f6 28. Re2
Kf7 29. Kf2 Rb8 30. Na4 b6 31. Rde1 Rh8 32. Kg3 Rh7 33. Nc3 b5 34. b4 cxb3 35.
cxb3 b4 36. Na4 hxg4 37. fxg4 bxa3 38. Nc5 Rb4 39. Rd2 f5 40. g5 Nh5+ 41. Kf3
Ng7 42. Kg3 Nh5+ 43. Kf3 Ng7 44. Kg3 Nh5+ 1/2-1/2

[Event "TCh-TUR Super League 2015"]
[Site "Kocaeli TUR"]
[Date "2015.08.08"]
[Round "5.2"]
[Board "8"]
[White "Celik, Eda"]
[Black "Dogan, Sevval"]
[Result "0-1"]
[WhiteElo "1656"]
[BlackElo "1737"]
[WhiteTeam "Pamukkale Yonetimi Bilisim Sistemleri Zeka"]
[BlackTeam "Turk Hava Yollari (Thy) Sports Club"]
[WhiteFideId "6351727"]
[BlackFideId "6322565"]
[EventDate "2015.08.04"]

1. e4 c5 2. Nf3 Nc6 3. Bb5 Qb6 4. Nc3 e6 5. O-O a6 6. Bxc6 bxc6 7. d4 cxd4 8.
Qxd4 c5 9. Qd3 d6 10. Rd1 Bb7 11. Bf4 Rd8 12. Rd2 Be7 13. Rad1 Nf6 14. b3 O-O
15. Qc4 d5 16. exd5 exd5 17. Qf1 Qb4 18. Ne2 d4 19. Ne5 Nd5 20. Bg3 f5 21. Nd3
Qb6 22. Nef4 Nc3 23. Re1 Ne4 24. Rde2 g5 25. f3 gxf4 26. Bxf4 Qf6 27. Bc1 Qg7
28. Nf4 Rd6 29. Ba3 Rh6 30. Bc1 Bg5 31. fxe4 fxe4 32. Rf2 e3 33. Qc4+ Kh8 34.
Rff1 Bxf4 35. Qe2 Bxh2+ 36. Kh1 Bg3+ 37. Kg1 Bf2+ 38. Rxf2 Rxf2 0-1

[Event "TCh-TUR Super League 2015"]
[Site "Kocaeli TUR"]
[Date "2015.08.08"]
[Round "5.3"]
[Board "2"]
[White "Laciner, Kerem"]
[Black "Benidze, Davit"]
[Result "0-1"]
[WhiteTitle "FM"]
[BlackTitle "GM"]
[WhiteElo "2272"]
[BlackElo "2469"]
[WhiteTeam "Calli Sports Club"]
[BlackTeam "Kahramanmaras Buyuksehir Belediye Sports Club"]
[WhiteFideId "6301550"]
[BlackFideId "13603086"]
[EventDate "2015.08.04"]

1. d4 Nf6 2. c4 c5 3. d5 e6 4. Nc3 exd5 5. cxd5 d6 6. e4 g6 7. f4 Bg7 8. Bb5+
Nfd7 9. a4 Qh4+ 10. g3 Qd8 11. Nf3 O-O 12. O-O Na6 13. Re1 Nc7 14. Bf1 Re8 15.
Bd2 a6 16. Rb1 Rb8 17. b4 cxb4 18. Rxb4 a5 19. Rb1 Nc5 20. h3 N7a6 21. g4 Nb4
22. Re3 Bh6 23. g5 Bg7 24. Kh2 Bd7 25. Be1 Qb6 26. Qe2 Nxa4 27. Nxa4 Bxa4 28.
Ra3 Bc2 29. Qxc2 Nxc2 30. Rxb6 Nxa3 31. e5 0-1

[Event "TCh-TUR Super League 2015"]
[Site "Kocaeli TUR"]
[Date "2015.08.08"]
[Round "5.3"]
[Board "3"]
[White "Soysal, Serkan"]
[Black "Ertan, Can"]
[Result "1-0"]
[WhiteTitle "FM"]
[BlackTitle "FM"]
[WhiteElo "2293"]
[BlackElo "2238"]
[WhiteTeam "Kahramanmaras Buyuksehir Belediye Sports Club"]
[BlackTeam "Calli Sports Club"]
[WhiteFideId "6349250"]
[BlackFideId "6306330"]
[EventDate "2015.08.04"]

1. d4 Nf6 2. c4 e6 3. Nf3 b6 4. g3 Ba6 5. Qc2 c5 6. d5 exd5 7. cxd5 d6 8. Nc3 b5
9. Bg5 Be7 10. Bg2 O-O 11. O-O b4 12. Na4 Nbd7 13. Rfd1 Re8 14. a3 Rb8 15. axb4
Rxb4 16. Bd2 Bxe2 17. Bxb4 Bxd1 18. Rxd1 cxb4 19. Nd4 Ne5 20. f4 Neg4 21. Nc6
Qa8 22. Re1 Bf8 23. Qd2 a5 24. h3 Nh6 25. g4 Rxe1+ 26. Qxe1 Nd7 27. Qe2 Qb7 28.
Qe8 Kh8 29. Bf1 g6 30. Qd8 Ng8 31. g5 Kg7 32. Qxa5 Nc5 33. Qb6 Qa8 34. Nxc5 dxc5
35. Qc7 Qe8 36. Ne5 Qe7 37. d6 Qxd6 38. Qxf7+ Kh8 39. Bc4 Qd1+ 40. Kf2 Qd2+ 41.
Kf3 Qd1+ 42. Ke3 Qe1+ 43. Kf3 Qd1+ 44. Be2 Qh1+ 45. Kf2 Bd6 46. Qe6 Qh2+ 47. Ke1
Qg1+ 48. Kd2 Qd4+ 49. Kc2 b3+ 50. Kxb3 Qb4+ 51. Kc2 Qa4+ 52. Kb1 Qe4+ 53. Bd3
Qe1+ 54. Kc2 Qf2+ 55. Kb3 c4+ 56. Qxc4 Bxe5 57. fxe5 Qb6+ 58. Kc3 Ne7 59. b4 Qe3
60. Qc5 Qxg5 61. b5 Qc1+ 62. Bc2 Qa1+ 63. Kb3 Ng8 64. Qc3 Qf1 65. e6+ Nf6 66.
Bd3 Qd1+ 67. Kb4 Kg7 68. e7 Kf7 69. Bc4+ Kxe7 70. Qe5+ Kd7 71. Be6+ 1-0

[Event "TCh-TUR Super League 2015"]
[Site "Kocaeli TUR"]
[Date "2015.08.08"]
[Round "5.3"]
[Board "4"]
[White "Burcu, Cagatay"]
[Black "Isik, Engin Yasar"]
[Result "1/2-1/2"]
[WhiteElo "2178"]
[BlackElo "2188"]
[WhiteTeam "Calli Sports Club"]
[BlackTeam "Kahramanmaras Buyuksehir Belediye Sports Club"]
[WhiteFideId "6310630"]
[BlackFideId "6301886"]
[EventDate "2015.08.04"]

1. d4 Nf6 2. c4 g6 3. g3 Bg7 4. Bg2 O-O 5. Nc3 d6 6. Nf3 Nc6 7. O-O a6 8. Bf4
Bf5 9. Rc1 Ne4 10. Nxe4 Bxe4 11. Be3 d5 12. c5 Qd7 13. Qd2 b5 14. h4 Rfd8 15.
Rfd1 a5 16. Kh2 b4 17. Bh3 Bf5 18. Bxf5 Qxf5 19. Qd3 Qxd3 20. Rxd3 a4 21. Bf4
Ra7 22. g4 Rb8 23. h5 f6 24. Bd2 e6 25. hxg6 hxg6 26. Re1 Rd8 27. a3 bxa3 28.
Rxa3 Kf7 29. Rea1 Rda8 30. e3 Ke7 31. Ng1 f5 32. f4 fxg4 33. Kg3 e5 34. fxe5
Nxe5 35. b3 Nc6 36. Rxa4 Rxa4 37. Rxa4 Rxa4 38. bxa4 Nxd4 39. Kxg4 Nb3 40. a5
Kd7 41. Bb4 Bh6 42. Nf3 Bxe3 43. Ne5+ Kc8 44. Nxg6 Kb7 45. Ne7 c6 46. a6+ Kxa6
47. Nxc6 Kb5 48. Ne7 1/2-1/2

[Event "TCh-TUR Super League 2015"]
[Site "Kocaeli TUR"]
[Date "2015.08.08"]
[Round "5.3"]
[Board "5"]
[White "Isgandarova, Khayala"]
[Black "Mammadova, Gulnar"]
[Result "0-1"]
[WhiteTitle "WIM"]
[BlackTitle "WGM"]
[WhiteElo "2245"]
[BlackElo "2313"]
[WhiteTeam "Kahramanmaras Buyuksehir Belediye Sports Club"]
[BlackTeam "Calli Sports Club"]
[WhiteFideId "13401823"]
[BlackFideId "13403508"]
[EventDate "2015.08.04"]

1. e4 g6 2. d4 Bg7 3. Nc3 c6 4. Nf3 d5 5. Bd3 Bg4 6. Be3 e5 7. Be2 Bxf3 8. Bxf3
dxe4 9. Nxe4 f5 10. Nc5 exd4 11. Ne6 Qa5+ 12. Bd2 Qe5+ 13. Qe2 Qxe2+ 14. Bxe2
Be5 15. f4 Ke7 16. fxe5 Kxe6 17. O-O-O Ne7 18. Bc4+ Nd5 19. Bh6 b5 20. Be2 Nd7
21. Rxd4 Nxe5 22. Re1 Rad8 23. Bg7 Rhg8 24. Bxe5 Kxe5 25. Rh4 Kf6 26. Rxh7 Rge8
27. g3 Re6 28. Rh4 Rde8 29. Kd2 Ne3 30. Bd3 Nc4+ 31. Rxc4 bxc4 32. Rxe6+ Rxe6
33. Bxc4 Rd6+ 34. Ke3 g5 35. Bd3 Ke5 36. h3 c5 37. b3 Rh6 38. Bf1 f4+ 39. Kf3
fxg3 40. Kxg3 Rh4 41. Bd3 Kd4 42. Bf5 Kc3 43. Bd3 a5 44. a4 Rd4 45. Bf5 Kb2 46.
Bg6 c4 47. bxc4 Rxc4 48. Bf7 Rf4 49. Bb3 Ka3 50. Bd5 Kxa4 51. c4 Kb4 0-1

[Event "TCh-TUR Super League 2015"]
[Site "Kocaeli TUR"]
[Date "2015.08.08"]
[Round "5.3"]
[Board "6"]
[White "Tasdogen, Dincer"]
[Black "Yaran, Siar"]
[Result "1/2-1/2"]
[BlackTitle "CM"]
[WhiteElo "1957"]
[BlackElo "2179"]
[WhiteTeam "Calli Sports Club"]
[BlackTeam "Kahramanmaras Buyuksehir Belediye Sports Club"]
[WhiteFideId "6367097"]
[BlackFideId "6323006"]
[EventDate "2015.08.04"]

1. e4 e5 2. Nf3 Nc6 3. Nc3 Nf6 4. Bb5 Nd4 5. Nxd4 exd4 6. e5 dxc3 7. exf6 Qxf6
8. dxc3 Bc5 9. O-O O-O 10. Bd3 d6 11. Qe2 Qh4 12. Qe4 Qxe4 13. Bxe4 Re8 14. Bd3
Bd7 15. Bf4 Re7 16. Rfe1 Rae8 17. Kf1 Bc6 18. f3 Be3 19. Bxe3 Rxe3 20. Rxe3 Rxe3
21. Re1 Re5 22. Kf2 Kf8 23. h4 h6 24. Re3 Ke7 25. g4 g5 26. hxg5 hxg5 27. Rxe5+
dxe5 28. Ke3 Bd7 29. Bh7 Kd6 30. Be4 b6 31. Bh7 Be6 32. a3 a5 33. Bd3 Kc5 34.
Ke4 Kd6 35. Ke3 c5 36. b4 c4 37. Be4 Bc8 38. a4 Bd7 39. b5 Kc5 40. Kd2 Kd6 41.
Ke3 Ke7 42. Bh7 Be8 43. Be4 Kd6 44. Kd2 Bd7 45. Ke3 Be6 46. Bh7 Bd5 47. Be4 Ke6
48. Bf5+ Ke7 49. Be4 Be6 50. Bh7 Bd7 51. Be4 Kf6 52. Bd5 Ke7 53. Bxc4 f5 54.
gxf5 Bxf5 55. Bd3 Be6 56. Be4 Kd6 57. Bc6 Bf5 58. Be4 Be6 59. Bc6 Bf7 60. Be4
Kc5 61. Bd3 Be6 62. Ke4 Kd6 63. Ke3 Bc8 64. Be4 Bd7 65. Bd3 Be6 66. Ke4 1/2-1/2

[Event "TCh-TUR Super League 2015"]
[Site "Kocaeli TUR"]
[Date "2015.08.08"]
[Round "5.3"]
[Board "7"]
[White "Karaoglan, Kivanc"]
[Black "Saba, Zafer Rabin"]
[Result "0-1"]
[WhiteElo "1981"]
[BlackElo "1989"]
[WhiteTeam "Kahramanmaras Buyuksehir Belediye Sports Club"]
[BlackTeam "Calli Sports Club"]
[WhiteFideId "6329152"]
[BlackFideId "6329500"]
[EventDate "2015.08.04"]

1. d4 Nf6 2. Nf3 g6 3. g3 Bg7 4. Bg2 O-O 5. O-O d5 6. c4 c6 7. Nbd2 Nbd7 8. Qc2
dxc4 9. Nxc4 Nb6 10. Ncd2 Be6 11. b3 a5 12. Bb2 a4 13. e4 h6 14. Nc4 Nfd7 15.
Nce5 Nxe5 16. Nxe5 Nd7 17. Nxd7 Qxd7 18. Rfd1 axb3 19. axb3 Rxa1 20. Bxa1 Ra8
21. Bc3 Qc7 22. Bb4 Qb6 23. d5 Bg4 24. Rb1 Qxb4 25. dxc6 bxc6 26. Qxc6 Rc8 27.
Qd5 Be6 28. Qd3 Qc3 29. Qxc3 Rxc3 30. b4 Bd4 31. b5 Bb6 32. e5 Rc2 33. Rf1 Bc4
34. Rd1 Rxf2 35. Kh1 Rb2 36. h4 Rxb5 37. Rd7 Rxe5 0-1

[Event "TCh-TUR Super League 2015"]
[Site "Kocaeli TUR"]
[Date "2015.08.08"]
[Round "5.3"]
[Board "8"]
[White "Uzun, Belemir"]
[Black "Ayan, Bengu Sena"]
[Result "0-1"]
[WhiteElo "1682"]
[BlackElo "1693"]
[WhiteTeam "Calli Sports Club"]
[BlackTeam "Kahramanmaras Buyuksehir Belediye Sports Club"]
[WhiteFideId "6365655"]
[BlackFideId "6346120"]
[EventDate "2015.08.04"]

1. c4 e5 2. Nc3 Nc6 3. g3 g6 4. Bg2 Bg7 5. e3 Nge7 6. Nge2 O-O 7. O-O d6 8. d3
Bd7 9. Rb1 Qc8 10. Bh1 Bh3 11. Re1 f5 12. Qc2 g5 13. f4 Ng6 14. Nd5 h6 15. b4
Kh8 16. b5 Nce7 17. Nxe7 Nxe7 18. Bd2 Rg8 19. Qc1 Ng6 20. c5 Rb8 21. b6 axb6 22.
cxd6 c6 23. Rxb6 gxf4 24. exf4 exf4 25. Bc3 Qd8 26. Bxg7+ Rxg7 27. Qc5 fxg3 28.
Nxg3 f4 29. Nh5 Ne5+ 30. Bg2 Qg5 31. Ng3 Nf3+ 0-1